Statistics for NFL Coach of the Year Winners

Click here to take the quiz!

General Stats

  • This quiz has been taken 61 times
    (42 since last reset)
  • The average score is 35 of 65

Answer Stats

SeasonTeamCoach% Correct
2003New England PatriotsBill Belichick
95%
2007New England PatriotsBill Belichick
95%
2010New England PatriotsBill Belichick
95%
2011San Francisco 49ersJim Harbaugh
95%
2019Baltimore RavensJohn Harbaugh
95%
2017Los Angeles RamsSean McVay
86%
2016Dallas CowboysJason Garrett
84%
2006New Orleans SaintsSean Payton
84%
2002Philadelphia EaglesAndy Reid
78%
2020Cleveland BrownsKevin Stefanski
78%
2018Chicago BearsMatt Nagy
78%
1985Chicago BearsMike Ditka
78%
1988Chicago BearsMike Ditka
78%
2015Carolina PanthersRon Rivera
78%
2013Carolina PanthersRon Rivera
78%
1959Green Bay PackersVince Lombardi
78%
1986New York GiantsBill Parcells
76%
1994New England PatriotsBill Parcells
76%
1990Dallas CowboysJimmy Johnson
76%
2012Indianapolis ColtsBruce Arians
73%
2014Arizona CardinalsBruce Arians
73%
1992Pittsburgh SteelersBill Cowher
70%
1981San Francisco 49ersBill Walsh
70%
1964Baltimore ColtsDon Shula
70%
1967Baltimore ColtsDon Shula
70%
1968Baltimore ColtsDon Shula
70%
1972Miami DolphinsDon Shula
70%
2005Chicago BearsLovie Smith
68%
2008Atlanta FalconsMike Smith
68%
1966Dallas CowboysTom Landry
65%
1983Washington RedskinsJoe Gibbs
62%
1982Washington RedskinsJoe Gibbs
62%
1999St. Louis RamsDick Vermeil
57%
2009Cincinnati BengalsMarvin Lewis
57%
2004San Diego ChargersMarty Schottenheimer
54%
1969Minnesota VikingsBud Grant
43%
1993New York GiantsDan Reeves
43%
1998Atlanta FalconsDan Reeves
43%
1963Chicago BearsGeorge Halas
43%
1965Chicago BearsGeorge Halas
43%
1970Cincinnati BengalsPaul Brown
43%
1987New Orleans SaintsJim Mora
38%
1991Detroit LionsWayne Fontes
38%
1967Los Angeles RamsGeorge Allen
32%
1971Washington RedskinsGeorge Allen
32%
1973Los Angelese RamsChuck Knox
30%
1980Buffalo BillsChuck Knox
30%
1984Seattle SeahawksChuck Knox
30%
1977Denver BroncosRed Miller
30%
1974St. Louis CardinalsDon Coryell
27%
1958Baltimore ColtsWeeb Ewbank
27%
1961New York GiantsAllie Sherman
24%
1962New York GiantsAllie Sherman
24%
1997New York GiantsJim Fassel
24%
1979Washington RedskinsJack Pardee
22%
2000New Orleans SaintsJim Haslett
22%
1976Cleveland BrownsForrest Gregg
19%
1975Baltimore ColtsTed Marchibroda
19%
1957Detroit LionsGeorge Wilson
16%
1996Carolina PanthersDom Capers
14%
1978Seattle SeahawksJack Patera
14%
1960Philadelphia EaglesBuck Shaw
11%
2001Chicago BearsDick Jauron
11%
1989Green Bay PackersLindy Infante
11%
1995Philadelphia EaglesRay Rhodes
11%

Score Distribution

Percentile by Number Answered

Percent of People with Each Score

Your Score History

You have not taken this quiz since the last reset